| 000 | 00592nam a22001691i 4500 | ||
|---|---|---|---|
| 001 | 189134 | ||
| 003 | SpMaBN | ||
| 005 | 20231102063035.0 | ||
| 008 | 190403s1937 sp |||| | spa d | ||
| 100 | 1 |
_aWassermann, Jakob, _d1873-1934 _9116154 |
|
| 245 | 1 | 0 |
_aGolovin / _cJakob Wassermann ; traducción de F. Oliver-Brachfeld. |
| 260 |
_aBarcelona : _bApolo, _c[1937] |
||
| 300 |
_a122 p. ; _c20 cm. |
||
| 700 | 1 |
_aOliver Brachfeld, F. _986832 |
|
| 852 |
_aES-MaACL _jL-32296 _z- Enc. cart. _z. - Donat. herederos de la bibl. de Mª del Pilar Costa Palacín |
||
| 999 |
_c189134 _d189134 |
||